000 00762nam a2200241 i 4500
001 bg
100 1 _aLENAERTS, Koen
245 1 0 _aPodstawy prawa europejskiego /
_cKoen Lenaerts, Piet Van Nuffel ; przeł. [z niem. Joanna Bojko].
246 _iTyt. oryg.:
_aEuropees Recht in Hoofdlijnen
260 _aWarszawa :
_bDom Wydawniczy "ABC",
_c1998.
300 _a417 s. ;
_c24 cm.
500 _aTyt. oryg.: "Europees Recht in Hoofdlijnen".
650 9 _aPrawo wspólnotowe europejskie
_ystan na 1998 r.
655 _aPodręczniki akademickie
700 1 _aNUFFEL, Piet van
020 _a838728663X
040 _cBPK
041 1 _apl
080 _a34(4-67)(075.8)
920 _a83-87286-63-X
942 _cKS
008 s pl f |000 0 pol
999 _c36415
_d36415
856 _uhttp://koha.tu.koszalin.pl/cgi-bin/koha/opac-detail.pl?biblionumber=36415
_yKatalog online BPK